Normal view
MARC view
Entry Personal Name
001 - CONTROL NUMBER
- control field: 8987
003 - CONTROL NUMBER IDENTIFIER
- control field: OSt
005 - DATE AND TIME OF LATEST TRANSACTION
- control field: 20160526144149.0
008 - FIXED-LENGTH DATA ELEMENTS
- fixed length control field: 160526|| aca||aabn | a|a d
040 ## - CATALOGING SOURCE
- Original cataloging agency: OSt
- Transcribing agency: OSt
100 ## - HEADING--PERSONAL NAME
- Personal name: Siddiqui,Ahmad Anees;Ali,Mohammed;
670 ## - SOURCE DATA FOUND
- Source citation: Work cat.: (OSt): Siddiqui,Ahmad Anees;Ali,Mohammed;, Practical Pharmaceutical Chemistry., 2013;
